Normal view
MARC view
Entry Personal Name
001 - CONTROL NUMBER
- control field: 248885
003 - CONTROL NUMBER IDENTIFIER
- control field: OSt
005 - DATE AND TIME OF LATEST TRANSACTION
- control field: 20251211160851.0
008 - FIXED-LENGTH DATA ELEMENTS
- fixed length control field: 251211|| aca||aabn | a|a d
040 ## - CATALOGING SOURCE
- Original cataloging agency: OSt
- Transcribing agency: OSt
100 ## - HEADING--PERSONAL NAME
- Personal name: PUTTANNA (M S)
- Dates associated with a name: ಎಂ.ಎಸ್. ಪುಟ್ಟಣ್ಣ
670 ## - SOURCE DATA FOUND
- Source citation: Work cat.: (OSt)180149: PUTTANNA (M S) ಎಂ.ಎಸ್. ಪುಟ್ಟಣ್ಣ, Madidunno maharaya., 1983